书目信息 |
| 题名: |
房屋建筑学
|
|
| 作者: | 崔艳秋 , 吕树俭 主编 | |
| 分册: | ||
| 出版信息: | 北京 中国电力出版社 2020.01 |
|
| 页数: | 351页 | |
| 开本: | 26cm | |
| 丛书名: | “十二五”普通高等教育本科国家级规划教材 | |
| 单 册: | ||
| 中图分类: | TU22 | |
| 科图分类: | ||
| 主题词: | 房屋建筑学--fang wu jian zhu xue--高等教育--教材 | |
| 电子资源: | ||
| ISBN: | 978-7-5198-4668-8 | |
| 000 | 01198nam 2200277 450 | |
| 001 | 2070077830 | |
| 005 | 20201107192809.76 | |
| 010 | @a978-7-5198-4668-8@dCNY65.00 | |
| 100 | @a20200729d2020 em y0chiy50 ea | |
| 101 | 0 | @achi |
| 102 | @aCN@b110000 | |
| 105 | @aa a 000yy | |
| 200 | 1 | @a房屋建筑学@Afang wu jian zhu xue@f主编崔艳秋, 吕树俭 |
| 205 | @a第4版 | |
| 210 | @a北京@c中国电力出版社@d2020.01 | |
| 215 | @a351页@c图@d26cm | |
| 225 | 2 | @a“十二五”普通高等教育本科国家级规划教材@A“ shi er wu ” pu tong gao deng jiao yu ben ke guo jia ji gui hua jiao cai |
| 320 | @a有书目 (第351页) | |
| 330 | @a全书共分两篇。第一篇是民用建筑, 第二篇是工业建筑。本书着重于民用建筑部分, 结合现行国家规范、标准, 对民用建筑设计与构造的基本原理和方法进行了较为全面、系统的阐述, 并精选了大量的建筑工程实例。工业建筑部分则以单层厂房为主, 阐述了工业建筑的特点及其不同于民用建筑的设计与构造原理和方法。 | |
| 410 | 0 | @12001 @a“十二五”普通高等教育本科国家级规划教材 |
| 606 | 0 | @a房屋建筑学@Afang wu jian zhu xue@x高等教育@j教材 |
| 690 | @aTU22@v5 | |
| 701 | 0 | @a崔艳秋@Acui yan qiu@4主编 |
| 701 | 0 | @a吕树俭@Alu^ shu jian@4主编 |
| 801 | 0 | @aCN@b人天书店@c20200927 |
| 905 | @aZUCC@dTU22@eC979 | |
| 房屋建筑学/主编崔艳秋, 吕树俭.-第4版.-北京:中国电力出版社,2020.01 |
| 351页:图;26cm.-(“十二五”普通高等教育本科国家级规划教材) |
| ISBN 978-7-5198-4668-8:CNY65.00 |
| 全书共分两篇。第一篇是民用建筑, 第二篇是工业建筑。本书着重于民用建筑部分, 结合现行国家规范、标准, 对民用建筑设计与构造的基本原理和方法进行了较为全面、系统的阐述, 并精选了大量的建筑工程实例。工业建筑部分则以单层厂房为主, 阐述了工业建筑的特点及其不同于民用建筑的设计与构造原理和方法。 |
| ● |
| 相关链接 |
|
|
|
正题名:房屋建筑学
索取号:TU22/C979
 
预约/预借
| 序号 | 登录号 | 条形码 | 馆藏地/架位号 | 状态 | 备注 |
| 1 | 1486684 | 214866849 | 建筑库101/101建筑库 45排4列4层/ [索取号:TU22/C979] | 在馆 | |
| 2 | 1486685 | 214866858 | 建筑库101/101建筑库 45排4列4层/ [索取号:TU22/C979] | 在馆 |